000 00398nam a22001697a 4500
005 20160615153741.0
008 160615b xxu||||| |||| 00| 0 eng d
020 _a0-07-048634-4
041 _aeng
082 _b7851
100 _aSparks, Suzanne D
_92022
245 _aThe Managers Guide to Business Writury
260 _bTMH
_c2002
300 _a179
650 _aManagement
_9241
942 _cBK
999 _c2823
_d2822